UK Football Stadiums - Statistics

General Stats
  • This quiz has been taken 591 times
  • The average score is 7 of 12
Answer Stats
Hint Answer % Correct
Old Trafford
95%
Anfield
88%
Emirates Stadium
82%
Stamford Bridge
79%
Etihad
76%
St James Park
65%
Goodison Park
52%
Stadium of Light
52%
Villa Park
52%
Ibrox
37%
Celtic Park
36%
Hampden Park
17%
No matching quizzes found
Score Distribution
Percent of People with Each Score
Percentile by Number Answered
Your Score History
You have not taken this quiz